| 000 | 00496nam a2200181 a 4500 | ||
|---|---|---|---|
| 001 | 1771568628453 | ||
| 003 | YourLibrary | ||
| 005 | 20260220115514.0 | ||
| 008 | 260220s2018##################000#0#eng## | ||
| 020 | _a9781138478596 | ||
| 082 | 0 | 4 |
_a338.06 _bHAR |
| 100 | 1 |
_aHarlow, Chris, _eauthor. |
|
| 245 | 1 | 0 | _aInnovation and Productivity Under Nationalisation : |
| 260 | _c2018. | ||
| 650 | 0 | _aGovernment business enterprises. | |
| 942 | _cENGLISH | ||
| 040 |
_aYourLibrary _beng _cYourLibrary |
||
| 999 |
_c614010 _d614010 |
||